In the Land of Silence /
The story of Jursafu, a Bolivian journalist caught up in a revolutionary struggle. The novel traces his development from simple country boy to intellectual, but one who still retains the common touch.
| Autor principal: | |
|---|---|
| Otros Autores: | |
| Formato: | Electrónico eBook |
| Idioma: | Inglés Español |
| Publicado: |
Fayetteville :
University of Arkansas Press,
1994.
|
| Colección: | Book collections on Project MUSE.
|
| Temas: | |
| Acceso en línea: | Texto completo |
MARC
| LEADER | 00000cam a22000004a 4500 | ||
|---|---|---|---|
| 001 | musev2_100656 | ||
| 003 | MdBmJHUP | ||
| 005 | 20230905053534.0 | ||
| 006 | m o d | ||
| 007 | cr||||||||nn|n | ||
| 008 | 100519s1994 aru o 00 0 eng d | ||
| 020 | |a 9781610752053 | ||
| 020 | |z 9781557283733 | ||
| 035 | |a (OCoLC)1311568030 | ||
| 040 | |a MdBmJHUP |c MdBmJHUP | ||
| 041 | 1 | |a eng |h spa | |
| 100 | 1 | |a Urzagasti, Jesús, |d 1941-2013. | |
| 240 | 1 | 0 | |a En el país del silencio. |l English |
| 245 | 1 | 0 | |a In the Land of Silence / |c Jesús Urzagasti ; translated from the Spanish by Kay Pritchett. |
| 264 | 1 | |a Fayetteville : |b University of Arkansas Press, |c 1994. | |
| 264 | 3 | |a Baltimore, Md. : |b Project MUSE, |c 2022 | |
| 264 | 4 | |c ©1994. | |
| 300 | |a 1 online resource. | ||
| 336 | |a text |b txt |2 rdacontent | ||
| 337 | |a computer |b c |2 rdamedia | ||
| 338 | |a online resource |b cr |2 rdacarrier | ||
| 520 | |a The story of Jursafu, a Bolivian journalist caught up in a revolutionary struggle. The novel traces his development from simple country boy to intellectual, but one who still retains the common touch. | ||
| 588 | |a Description based on print version record. | ||
| 651 | 7 | |a Bolivia. |2 fast |0 (OCoLC)fst01205549 | |
| 651 | 0 | |a Bolivia |x Social life and customs. | |
| 650 | 7 | |a Manners and customs. |2 fast |0 (OCoLC)fst01007815 | |
| 650 | 7 | |a Bolivian prose literature. |2 fast |0 (OCoLC)fst00835721 | |
| 650 | 7 | |a Authors, Bolivian. |2 fast |0 (OCoLC)fst00821843 | |
| 650 | 7 | |a Allegories. |2 fast |0 (OCoLC)fst00805512 | |
| 650 | 0 | |a Allegories. | |
| 650 | 0 | |a Authors, Bolivian. | |
| 650 | 0 | |a Bolivian prose literature |y 20th century. | |
| 655 | 7 | |a Allegories. |2 gsafd | |
| 655 | 7 | |a Electronic books. |2 local | |
| 700 | 1 | |a Pritchett, Kay, |d 1946- | |
| 710 | 2 | |a Project Muse. |e distributor | |
| 830 | 0 | |a Book collections on Project MUSE. | |
| 856 | 4 | 0 | |z Texto completo |u https://projectmuse.uam.elogim.com/book/100656/ |
| 945 | |a Project MUSE - Custom Collection | ||


